| 000 | 00990nas a2200289 4500 | ||
|---|---|---|---|
| 001 | BR2011001162 | ||
| 003 | BR-BrBNA | ||
| 005 | 20231205114453.0 | ||
| 007 | ta | ||
| 008 | 230509b bl.|||p| |||| 00| 00por d | ||
| 040 |
_aBR-BrBNA _bpor _cBiblioteca Nacional de Agricultura |
||
| 041 | _a(Pt) | ||
| 072 | _aL52; U10 | ||
| 100 | 1 | _aTholon, P. | |
| 100 | 1 | _aQueiroz, S.A. de | |
| 245 | 1 | _aUtilização de diferentes estruturas de variância residual em modelos de regressão aleatória para descrição da curva de crescimento de perdizes (Rhynchotus rufescens)criadas em cativeiro | |
| 650 | _aPERDIZ | ||
| 650 | _aRHYNCHOTUS RUFESCENS | ||
| 650 | _aANIMAL DE CAÇA | ||
| 650 | _aMÉTODO ESTATÍSTICO | ||
| 650 | _aPERFORMANCE | ||
| 650 | _aCURVA DE CRESCIMENTO | ||
| 650 | _aMODELO MATEMÁTICO | ||
| 773 | 0 |
_tRevista Caatinga (Brazil) _xISSN 0100-316X _g(Apr-Jun 2008), v. 21(2) p. 29-39 _wBR2011001162 |
|
| 909 |
_a202311 _bLúcia _c55 _dLúcia Elande |
||
| 942 |
_2AGRIS _n0 _cANA |
||
| 999 |
_c208919 _d208919 |
||